Multilevel modeling using R / (Record no. 20315)
[ view plain ]
| 000 -LEADER | |
|---|---|
| fixed length control field | 01536cam a22003015a 4500 |
| 001 - CONTROL NUMBER | |
| control field | 18064948 |
| 005 - DATE AND TIME OF LATEST TRANSACTION | |
| control field | 20201128021427.0 |
| 008 - FIXED-LENGTH DATA ELEMENTS--GENERAL INFORMATION | |
| fixed length control field | 140312t2014 flua frb 001 0 eng d |
| 020 ## - INTERNATIONAL STANDARD BOOK NUMBER | |
| International Standard Book Number | 9781466515857 (paperback) |
| 040 ## - CATALOGING SOURCE | |
| Original cataloging agency | DLC |
| Language of cataloging | eng |
| Transcribing agency | DLC |
| Modifying agency | DLC |
| -- | EG-ScBUE |
| 082 04 - DEWEY DECIMAL CLASSIFICATION NUMBER | |
| Classification number | 005.55 |
| Edition number | 22 |
| Item number | FIN |
| 100 1# - MAIN ENTRY--PERSONAL NAME | |
| Personal name | Finch, W. Holmes |
| Fuller form of name | (William Holmes) |
| 9 (RLIN) | 38922 |
| 245 10 - TITLE STATEMENT | |
| Title | Multilevel modeling using R / |
| Statement of responsibility, etc | W. Holmes Finch, Jocelyn E. Bolin, Ken Kelley. |
| 260 ## - PUBLICATION, DISTRIBUTION, ETC. (IMPRINT) | |
| Place of publication, distribution, etc | Boca Raton : |
| Name of publisher, distributor, etc | CRC Press / Taylor & Francis Group, |
| Date of publication, distribution, etc | c.2014. |
| 300 ## - PHYSICAL DESCRIPTION | |
| Extent | xiii, 216 p. : |
| Other physical details | ill. ; |
| Dimensions | 24 cm. |
| 490 0# - SERIES STATEMENT | |
| Series statement | Chapman & Hall/CRC statistics in the social and behavioral sciences ; |
| Volume number/sequential designation | 16 |
| 500 ## - GENERAL NOTE | |
| General note | Index : p. 209-216.<br/> |
| 504 ## - BIBLIOGRAPHY, ETC. NOTE | |
| Bibliography, etc | Bibliography : p. 207.<br/> |
| 520 ## - SUMMARY, ETC. | |
| Summary, etc | "This book presents the theory and practice of major multilevel modeling techniques in a variety of contexts using R as the software tool. It describes the applications and extensions of multilevel modeling with special emphasis on the use of R to conduct the analyses and interpret the resulting output. The book is designed for researchers, data analysts, and upper-level undergraduate and graduate students taking a course on multilevel modeling or statistical modeling. "-- |
| 650 #7 - SUBJECT ADDED ENTRY--TOPICAL TERM | |
| Topical term or geographic name as entry element | Social sciences |
| General subdivision | Statistical methods. |
| Source of heading or term | BUEsh |
| 9 (RLIN) | 3257 |
| 650 #0 - SUBJECT ADDED ENTRY--TOPICAL TERM | |
| Topical term or geographic name as entry element | R (Computer program language) |
| Source of heading or term | BUEsh |
| 651 ## - SUBJECT ADDED ENTRY--GEOGRAPHIC NAME | |
| Source of heading or term | BUEsh |
| 653 ## - INDEX TERM--UNCONTROLLED | |
| Resource For college | BAEPS, Business Administration |
| Arrived date list | July2015 |
| -- | December2015 |
| 650 #0 - SUBJECT ADDED ENTRY--TOPICAL TERM | |
| 9 (RLIN) | 726 |
| Topical term or geographic name as entry element | Multivariate analysis |
| Source of heading or term | BUEsh |
| 700 1# - ADDED ENTRY--PERSONAL NAME | |
| Personal name | Bolin, Jocelyn E. |
| 700 1# - ADDED ENTRY--PERSONAL NAME | |
| Personal name | Kelley, Ken |
| 942 ## - ADDED ENTRY ELEMENTS (KOHA) | |
| Source of classification or shelving scheme | Dewey Decimal Classification |
| Withdrawn status | Lost status | Source of classification or shelving scheme | Damaged status | Not for loan | Koha collection | Home library | Current library | Shelving location | Date acquired | Source of acquisition | Cost, normal purchase price | Serial Enumeration / chronology | Total Checkouts | Total Renewals | Full call number | Barcode | Date last seen | Date last borrowed | Cost, replacement price | Koha item type |
|---|---|---|---|---|---|---|---|---|---|---|---|---|---|---|---|---|---|---|---|---|
| Dewey Decimal Classification | Baccah | Central Library | Central Library | Lower Floor | 08/07/2015 | Purchase | 338.00 | 21782 | 2 | 20 | 005.55 FIN | 000039375 | 15/07/2025 | 11/03/2020 | 422.00 | Book - Borrowing |